U.S. States but Connecticut does not exist - Statistics

General Stats
  • This quiz has been taken 18 times
  • The average score is 45 of 49
Answers on the Map
Answers color-coded by a green-red scale on the quiz's map according to % correct below.
 
Answer Stats
Answer % Correct
Alabama
100%
California
100%
Hawaii
100%
New Jersey
100%
New York
100%
Ohio
100%
Alaska
92%
Arizona
92%
Arkansas
92%
Delaware
92%
Florida
92%
Georgia
92%
Idaho
92%
Illinois
92%
Indiana
92%
Iowa
92%
Kansas
92%
Kentucky
92%
Louisiana
92%
Maine
92%
Maryland
92%
Michigan
92%
Minnesota
92%
Mississippi
92%
Missouri
92%
Montana
92%
Nebraska
92%
Nevada
92%
New Hampshire
92%
New Mexico
92%
North Carolina
92%
North Dakota
92%
Oklahoma
92%
Oregon
92%
Pennsylvania
92%
Rhode Island
92%
South Carolina
92%
South Dakota
92%
Tennessee
92%
Texas
92%
Utah
92%
Vermont
92%
Colorado
83%
Massachusetts
83%
Virginia
83%
Washington
83%
West Virginia
83%
Wisconsin
83%
Wyoming
83%
No matching quizzes found
Score Distribution
Percent of People with Each Score
Percentile by Number Answered
Your Score History
You have not taken this quiz